Statistics for Countries of the World in 1938 Quiz

Click here to take the quiz!

General Stats

  • This quiz has been taken 67,051 times
  • The average score is 67 of 76

Answers on the Map

Answers color-coded by a green-red scale on the quiz's map according to % correct below.
 

Answer Stats

Country% Correct
Canada
99%
United States
99%
China
98%
France
98%
Mexico
98%
United Kingdom
98%
Australia
97%
Brazil
97%
Egypt
97%
Germany
97%
Ireland
97%
Italy
97%
Japan
97%
Norway
97%
Portugal
97%
South Africa
97%
Soviet Union
97%
Spain
97%
Sweden
97%
Argentina
96%
Chile
96%
Finland
96%
Iceland
96%
Mongolia
96%
Turkey
96%
Cuba
95%
Denmark
95%
Greece
95%
New Zealand
95%
Peru
95%
Saudi Arabia
95%
Austria
94%
Belgium
94%
Colombia
94%
Iran
94%
Iraq
94%
Netherlands
94%
Switzerland
94%
Uruguay
94%
Bolivia
93%
Panama
93%
Paraguay
93%
Poland
93%
Venezuela
93%
Estonia
92%
Latvia
92%
Ecuador
91%
Hungary
91%
Lithuania
91%
Nepal
91%
Romania
91%
Siam
91%
Haiti
90%
Afghanistan
88%
Bulgaria
88%
Dominican Republic
88%
Honduras
88%
Albania
87%
Costa Rica
87%
Guatemala
87%
Nicaragua
87%
Yugoslavia
87%
El Salvador
86%
Czechoslovakia
85%
Luxembourg
83%
Yemen
79%
Liberia
75%
Andorra
74%
Vatican City
74%
Liechtenstein
73%
Tibet
73%
San Marino
72%
Monaco
69%
Danzig
33%
Tuva
23%
Hatay
10%

Score Distribution

Percentile by Number Answered

Percent of People with Each Score

Your Score History

You have not taken this quiz